Automatizované sledovanie práce a testovanie študentov v OS Linux

Automatizované riešenie zrýchlilo a skvalitnilo proces výučby a skúšania. Čas potrebný na ohodnotenie jednej písomky sa skrátil z priemerných 8 minút na 3 minúty. Odpadá archivácia písomiek v papierovej podobe a znížil sa počet pokusov podvádzať pri skúšaní. Testovanie je tiež prijateľnejšie pre štu...

Descrizione completa

Salvato in:
Dettagli Bibliografici
Autore principale: Kršjak, Miroslav
Natura: Capitolo di libro
Lingua:slovacco
Soggetti:
Tags: Aggiungi Tag
Nessun Tag, puoi essere il primo ad aggiungerne!!

MARC

LEADER 00000nla a2200000 4500
001 0204220
005 20240502073416.9
041 0 |a slo 
044 |a SK 
245 1 0 |a Automatizované sledovanie práce a testovanie študentov v OS Linux  |c Miroslav Kršjak 
520 |a Automatizované riešenie zrýchlilo a skvalitnilo proces výučby a skúšania. Čas potrebný na ohodnotenie jednej písomky sa skrátil z priemerných 8 minút na 3 minúty. Odpadá archivácia písomiek v papierovej podobe a znížil sa počet pokusov podvádzať pri skúšaní. Testovanie je tiež prijateľnejšie pre študentov, elektronická forma a priamo využitie linuxu na riešenie testových otázok je lepšie ako abstraktné zodpovedanie otázok papierovou formou. 
610 2 0 |a študenti 
610 2 0 |a testy 
610 2 0 |a testy didaktické 
610 2 0 |a automatizácia 
610 2 0 |a počítače 
610 2 0 |a systémy operačné 
100 1 |a Kršjak, Miroslav